00296 a2200121 4500003000500000005001700005040000900022245008900031250001100120260002300131300000900154538001100163Nust20170207164336.0 cNust aStudent Solutions Manual for use with Basic Econometrics(E BOOK)cGujarati,Damodar N a4th ed aBostobMcGraw-hill a189p aE Book